[Event "New Delhi Parsvnath op-A 18th"]
[Site "New Delhi"]
[Date "2020.01.09"]
[Round "1"]
[White "Kulkarni, Vinayak"]
[Black "Karthikeyan, Murali"]
[Result "0-1"]
[WhiteElo "2167"]
[BlackElo "2606"]
[PlyCount "58"]
[EventDate "2020.01.09"]
[EventType "swiss"]
[EventRounds "10"]
[EventCountry "IND"]
[SourceTitle "CBM 194 Extra"]
[Source "ChessBase"]
[SourceDate "2020.03.31"]
[SourceVersion "1"]
[SourceVersionDate "2020.03.31"]
[SourceQuality "1"]

1. d4 Nf6 2. c4 e6 3. Nc3 Bb4 4. e3 0-0 5. Nge2 d5 6. a3 Bd6 7. Ng3 c5 8. cxd5 cxd4 9. exd4 exd5 10. Be2 Nc6 11. 0-0 Be6 12. Qd3 Rc8 13. Bf3 h6 14. Be3 Na5 15. Rae1 Re8 16. Bd1 a6 17. Bc1 Nc4 18. Nf5 Bf8 19. Ne3 b5 20. Bf3 Qd7 21. Qd1 Nxa3 22. Ncxd5 Nxd5 23. Bxd5 Bxd5 24. Nxd5 Qxd5 25. bxa3 Red8 26. Bb2 Qa2 27. Qb1 Qxb1 28. Rxb1 Rc2 29. Rfc1 Rxb2 0-1

[Event "Mumbai Wealth op 5th"]
[Site "Mumbai"]
[Date "2020.01.04"]
[Round "6"]
[White "Aaryan, Varshney"]
[Black "Kulkarni, Vinayak"]
[Result "1/2-1/2"]
[WhiteElo "2269"]
[BlackElo "2167"]
[PlyCount "80"]
[EventDate "2019.12.30"]
[EventType "swiss"]
[EventRounds "9"]
[EventCountry "IND"]
[SourceTitle "CBM 194 Extra"]
[Source "ChessBase"]
[SourceDate "2020.03.31"]
[SourceVersion "1"]
[SourceVersionDate "2020.03.31"]
[SourceQuality "1"]

1. d4 d5 2. c4 e6 3. Nc3 c5 4. cxd5 exd5 5. Nf3 Nc6 6. g3 Nf6 7. Bg2 Be7 8. 0-0 0-0 9. Bg5 c4 10. Ne5 Be6 11. Nxc6 bxc6 12. b3 h6 13. Bxf6 Bxf6 14. e3 Qa5 15. Na4 Be7 16. Qc2 Rac8 17. Rfd1 Rfd8 18. Rab1 g6 19. e4 c5 20. dxc5 d4 21. Bf1 d3 22. Qc3 Qxc3 23. Nxc3 Rxc5 24. bxc4 Bxc4 25. Nd5 Bxd5 26. exd5 Rcxd5 27. Rd2 Bg5 28. f4 Be7 29. Rb3 Rc8 30. Rbxd3 Rxd3 31. Bxd3 Rc3 32. Be4 f5 33. Bd5+ Kg7 34. Bb3 Kf6 35. Bd5 Kg7 36. Bb3 Kf6 37. Bd5 Kg7 38. Bb3 Kf6 39. Bd5 Kg7 40. Bb3 Kf6 1/2-1/2

[Event "Mumbai Wealth op 5th"]
[Site "Mumbai"]
[Date "2020.01.03"]
[Round "5"]
[White "Kulkarni, Vinayak"]
[Black "Vasquez Schroder, Rodrigo Rafael"]
[Result "1/2-1/2"]
[WhiteElo "2167"]
[BlackElo "2487"]
[PlyCount "101"]
[EventDate "2019.12.30"]
[EventType "swiss"]
[EventRounds "9"]
[EventCountry "IND"]
[SourceTitle "CBM 194 Extra"]
[Source "ChessBase"]
[SourceDate "2020.03.31"]
[SourceVersion "1"]
[SourceVersionDate "2020.03.31"]
[SourceQuality "1"]

1. d4 Nf6 2. c4 e6 3. Nc3 Bb4 4. e3 0-0 5. Nge2 Re8 6. a3 Bf8 7. Ng3 d5 8. cxd5 exd5 9. Be2 g6 10. 0-0 a5 11. Bf3 c6 12. e4 dxe4 13. Ngxe4 Nxe4 14. Nxe4 Bf5 15. Nc3 Nd7 16. d5 Ne5 17. dxc6 bxc6 18. Be4 Qf6 19. Be3 Ng4 20. Bxf5 Qxf5 21. Bb6 Rab8 22. h3 Ne5 23. Bxa5 Nc4 24. Bc7 Rxb2 25. Qd4 Nxa3 26. Nd5 Bg7 27. Ne7+ Rxe7 28. Qd8+ Bf8 29. Bd6 Qd7 30. Qxd7 Rxd7 31. Bxa3 Bxa3 32. Rxa3 Rc2 33. Raa1 c5 34. Rfc1 Rdd2 35. Rxc2 Rxc2 36. g3 Kg7 37. Kg2 Rc3 38. Kf1 Rd3 39. Ke2 Rd5 40. Ra7 Kf6 41. Rc7 h5 42. f4 Ke6 43. Ke3 f6 44. Rc6+ Kf5 45. g4+ hxg4 46. hxg4+ Kxg4 47. Rxf6 Kh5 48. Rc6 Rf5 49. Ke4 Kh6 50. Ke3 Kg7 51. Ke4 1/2-1/2

[Event "Mumbai Wealth op 5th"]
[Site "Mumbai"]
[Date "2020.01.01"]
[Round "3"]
[White "Fedorov, Alexei"]
[Black "Kulkarni, Vinayak"]
[Result "0-1"]
[WhiteElo "2562"]
[BlackElo "2167"]
[PlyCount "37"]
[EventDate "2019.12.30"]
[EventType "swiss"]
[EventRounds "9"]
[EventCountry "IND"]
[SourceTitle "CBM 194 Extra"]
[Source "ChessBase"]
[SourceDate "2020.03.31"]
[SourceVersion "1"]
[SourceVersionDate "2020.03.31"]
[SourceQuality "1"]

1. e4 c5 2. d3 Nc6 3. f4 g6 4. Nf3 Bg7 5. Be2 e6 6. c3 Nge7 7. Be3 d6 8. 0-0 0-0 9. Na3 b6 10. Qd2 Bb7 11. Rae1 a6 12. Nc2 b5 13. a3 Na5 14. Qd1 Rc8 15. Kh1 Nb3 16. Bf2 c4 17. Bh4 Qd7 18. dxc4 Bxe4 19. Ne3 0-1

[Event "Barcelona Sants op 21st"]
[Site "Barcelona"]
[Date "2019.08.29"]
[Round "7"]
[White "Nogerbek, Kazybek"]
[Black "Kulkarni, Vinayak"]
[Result "1/2-1/2"]
[WhiteElo "2375"]
[BlackElo "2163"]
[PlyCount "77"]
[EventDate "2019.08.23"]
[EventType "swiss"]
[EventRounds "10"]
[EventCountry "ESP"]
[SourceTitle "EXT 2020"]
[Source "ChessBase"]
[SourceDate "2019.10.17"]
[SourceVersion "1"]
[SourceVersionDate "2019.10.17"]
[SourceQuality "1"]

1. d4 Nf6 2. Nf3 e6 3. c4 Bb4+ 4. Nbd2 0-0 5. a3 Be7 6. e4 d6 7. Be2 c5 8. d5 e5 9. 0-0 Kh8 10. b4 b6 11. Ne1 Ng8 12. Bb2 f5 13. exf5 Bxf5 14. Bd3 Nh6 15. Bxf5 Nxf5 16. Nd3 Nd7 17. Qe2 Bf6 18. Ne4 b5 19. cxb5 c4 20. Ne1 Nb6 21. Nc3 Nd4 22. Qe4 Bg5 23. Rd1 Qe8 24. a4 Rf4 25. Qb1 Qh5 26. g3 Raf8 27. Rxd4 Rxd4 28. Ne4 Rxd5 29. Qc2 Rc8 30. a5 Nd7 31. Nc3 Rd2 32. Qf5 Rxb2 33. Qxd7 Qe8 34. Qxa7 Bd2 35. Ne4 Bxb4 36. Nf3 Qxb5 37. Nfg5 Bxa5 38. Nf7+ Kg8 39. Nh6+ 1/2-1/2

[Event "Sitges op 45th"]
[Site "Sitges"]
[Date "2019.07.27"]
[Round "6"]
[White "Kulkarni, Vinayak"]
[Black "Anuj, Shrivatri"]
[Result "0-1"]
[WhiteElo "2143"]
[BlackElo "2372"]
[PlyCount "74"]
[EventDate "2019.07.22"]
[EventType "swiss"]
[EventRounds "9"]
[EventCountry "ESP"]
[SourceTitle "CBM 191 Extra"]
[Source "ChessBase"]
[SourceDate "2019.09.30"]
[SourceVersion "1"]
[SourceVersionDate "2019.09.30"]
[SourceQuality "1"]

1. Nf3 d5 2. g3 Nf6 3. Bg2 e6 4. c4 Be7 5. 0-0 0-0 6. b3 d4 7. Bb2 c5 8. e3 Nc6 9. exd4 cxd4 10. a3 a5 11. Re1 Ng4 12. d3 f6 13. Nbd2 e5 14. Rc1 Nh6 15. c5 Nf7 16. Nc4 Ra7 17. Qd2 Re8 18. b4 axb4 19. axb4 Ra2 20. Ra1 Rxa1 21. Rxa1 Be6 22. Nb6 Qc7 23. Ne1 Rd8 24. Nc2 f5 25. Na8 Qd7 26. b5 Nb8 27. Ra7 Bxc5 28. Rxb7 Qd6 29. Nc7 Bc8 30. Rxb8 Qxc7 31. Ra8 Bd7 32. Rxd8+ Qxd8 33. Ba3 Qb6 34. Bd5 Bxb5 35. Qg5 Bxd3 36. Qh5 Qb1+ 37. Kg2 Qf1+ 0-1

[Event "Barcelona Sant Marti op 21st"]
[Site "Barcelona"]
[Date "2019.07.18"]
[Round "6"]
[White "Kulkarni, Vinayak"]
[Black "Centelles Vivas, Aleix"]
[Result "1-0"]
[WhiteElo "2143"]
[BlackElo "1983"]
[PlyCount "83"]
[EventDate "2019.07.13"]
[EventType "swiss"]
[EventRounds "9"]
[EventCountry "ESP"]
[SourceTitle "EXT 2020"]
[Source "ChessBase"]
[SourceDate "2019.10.17"]
[SourceVersion "1"]
[SourceVersionDate "2019.10.17"]
[SourceQuality "1"]

1. Nf3 d5 2. g3 Nf6 3. Bg2 e6 4. c4 Be7 5. b3 d4 6. 0-0 c5 7. e3 Nc6 8. exd4 cxd4 9. d3 0-0 10. Bg5 Qc7 11. Nbd2 e5 12. a3 a5 13. Qc2 Be6 14. Rfe1 h6 15. Bxf6 Bxf6 16. c5 Be7 17. Nc4 Bxc5 18. Ncxe5 Bb6 19. Nxc6 Qxc6 20. Qxc6 bxc6 21. Ne5 Bxb3 22. Nd7 Rab8 23. Nxb8 Rxb8 24. Bxc6 a4 25. Re8+ Rxe8 26. Bxe8 Ba5 27. Bb5 Bc3 28. Rb1 Bc2 29. Rc1 Bb3 30. Kf1 Kf8 31. Ke2 Ke7 32. Bc4 Kd6 33. Rb1 Bc2 34. Rc1 Bb3 35. Bxb3 axb3 36. Rb1 b2 37. Kd1 Kc5 38. Kc2 Kb5 39. Rxb2+ Bxb2 40. Kxb2 Ka5 41. Kb3 Kb5 42. a4+ 1-0

[Event "Barbera del Valles op 42nd"]
[Site "Barbera del Valles"]
[Date "2019.07.12"]
[Round "9"]
[White "Hernandez, Cristian Andres"]
[Black "Kulkarni, Vinayak"]
[Result "0-1"]
[WhiteElo "2355"]
[BlackElo "2143"]
[PlyCount "84"]
[EventDate "2019.07.04"]
[EventType "swiss"]
[EventRounds "9"]
[EventCountry "ESP"]
[SourceTitle "EXT 2020"]
[Source "ChessBase"]
[SourceDate "2019.10.17"]
[SourceVersion "1"]
[SourceVersionDate "2019.10.17"]
[SourceQuality "1"]

1. e4 c5 2. Nf3 Nc6 3. Bb5 e6 4. 0-0 Nge7 5. d4 cxd4 6. Nxd4 Qb6 7. Nxc6 bxc6 8. Bd3 Ng6 9. c4 Bc5 10. Nd2 0-0 11. Nb3 Be7 12. Be3 c5 13. f4 d6 14. Qh5 f5 15. Rab1 Qc6 16. Nd2 Rb8 17. Rf2 Bf6 18. b3 Ne7 19. Re2 Bb7 20. Bf2 Bc3 21. Nf3 Rf6 22. Ng5 h6 23. Rc1 Bd4 24. Bxd4 cxd4 25. Nh3 fxe4 26. Bxe4 d5 27. Bf3 Qc5 28. Nf2 d3 29. Rd2 Rf5 30. Qg4 h5 31. Qh3 Ng6 32. g3 Qe3 33. Rcd1 Qxf3 34. Rxd3 Qe2 35. R3d2 Qe3 36. Rd3 Qb6 37. cxd5 Bxd5 38. Qf1 Rbf8 39. Qe2 Ne5 40. Re3 Ng4 41. Nxg4 hxg4 42. Kf1 Bf3 0-1

[Event "Barbera del Valles op 42nd"]
[Site "Barbera del Valles"]
[Date "2019.07.07"]
[Round "4"]
[White "Laddha, Yash Jayesh"]
[Black "Kulkarni, Vinayak"]
[Result "0-1"]
[WhiteElo "1592"]
[BlackElo "2143"]
[PlyCount "74"]
[EventDate "2019.07.04"]
[EventType "swiss"]
[EventRounds "9"]
[EventCountry "ESP"]
[SourceTitle "CBM 191 Extra"]
[Source "ChessBase"]
[SourceDate "2019.09.30"]
[SourceVersion "1"]
[SourceVersionDate "2019.09.30"]
[SourceQuality "1"]

1. e4 c5 2. Nf3 Nc6 3. Bb5 e6 4. 0-0 Nge7 5. d4 cxd4 6. Nxd4 Qb6 7. Nxc6 bxc6 8. Bd3 Ng6 9. c4 Bc5 10. Nc3 Qc7 11. Na4 Bd4 12. Bd2 0-0 13. Bc3 e5 14. Bxd4 exd4 15. c5 d6 16. Be2 dxc5 17. Nxc5 Nf4 18. Bf3 Rd8 19. Nd3 a5 20. Be2 c5 21. Rc1 Nxe2+ 22. Qxe2 c4 23. Qc2 Ba6 24. b3 Rac8 25. Rfd1 Qb7 26. bxc4 Rxc4 27. Qe2 Rxc1 28. Rxc1 Qb5 29. Rd1 Rc8 30. Qg4 h5 31. Qf4 Qa4 32. Qf3 Rc3 33. h3 Bxd3 34. Rxd3 Qc4 35. Rxc3 dxc3 36. Qd1 c2 37. Qc1 Qxa2 0-1

[Event "Gujarat op 1st"]
[Site "Ahmedabad"]
[Date "2018.10.07"]
[Round "3"]
[White "Tukhaev, Adam"]
[Black "Kulkarni, Vinayak"]
[Result "1/2-1/2"]
[WhiteElo "2556"]
[BlackElo "2203"]
[PlyCount "63"]
[EventDate "2018.10.05"]
[EventType "swiss"]
[EventRounds "10"]
[EventCountry "IND"]
[SourceTitle "CBM 186 Extra"]
[Source "ChessBase"]
[SourceDate "2018.08.24"]
[SourceVersion "1"]
[SourceVersionDate "2018.08.24"]
[SourceQuality "1"]

1. e4 c5 2. Nf3 Nc6 3. Bb5 e6 4. 0-0 Nge7 5. Ba4 Ng6 6. c4 Be7 7. d4 Nxd4 8. Nxd4 cxd4 9. Qxd4 0-0 10. Be3 Qa5 11. Qd1 Bf6 12. Nd2 Bxb2 13. Rb1 Bf6 14. c5 Qc7 15. f4 Be7 16. Rc1 d6 17. f5 Ne5 18. f6 gxf6 19. Qh5 Rd8 20. Rc3 Ng6 21. e5 dxe5 22. Ne4 Qa5 23. Bg5 Rd4 24. Rh3 Qxa4 25. Nxf6+ Bxf6 26. Bxf6 Rg4 27. Qxh7+ Kf8 28. Bg5 Rf4 29. Bh6+ Ke7 30. Bg5+ Kf8 31. Bh6+ Ke7 32. Bg5+ 1/2-1/2

[Event "Gujarat op 1st"]
[Site "Ahmedabad"]
[Date "2018.10.06"]
[Round "2"]
[White "Kulkarni, Vinayak"]
[Black "Bernadskiy, Vitaliy"]
[Result "1/2-1/2"]
[WhiteElo "2203"]
[BlackElo "2547"]
[PlyCount "98"]
[EventDate "2018.10.05"]
[EventType "swiss"]
[EventRounds "10"]
[EventCountry "IND"]
[SourceTitle "CBM 186 Extra"]
[Source "ChessBase"]
[SourceDate "2018.08.24"]
[SourceVersion "1"]
[SourceVersionDate "2018.08.24"]
[SourceQuality "1"]

1. d4 e6 2. c4 Bb4+ 3. Nc3 d5 4. e3 c5 5. a3 Bxc3+ 6. bxc3 Ne7 7. Nf3 Qc7 8. cxd5 exd5 9. Bb2 0-0 10. Bd3 c4 11. Bc2 Bf5 12. 0-0 Nbc6 13. a4 Rfe8 14. Ba3 Bxc2 15. Qxc2 Ng6 16. Nd2 Qd7 17. Rfe1 Re6 18. Nf1 Rae8 19. Qf5 Na5 20. e4 Nh4 21. Qh3 Nb3 22. exd5 Qxd5 23. Rxe6 Rxe6 24. Re1 Nf5 25. Rxe6 fxe6 26. Qh5 Qd7 27. g4 Ne7 28. Bxe7 Qxe7 29. Qb5 h6 30. Qxc4 Na5 31. Qb5 Nc6 32. Ne3 a6 33. Qd3 Qd7 34. Qe4 Nd8 35. d5 exd5 36. Nxd5 Qe6 37. Qxe6+ Nxe6 38. Kg2 Nc5 39. Nb6 Kf7 40. f4 Ke6 41. Kf3 Kd6 42. Nc4+ Kd5 43. Ne3+ Ke6 44. f5+ Ke5 45. Nc4+ Kd5 46. Nb2 Ne4 47. Nd1 Nc5 48. Nb2 Ne4 49. Nd1 Nc5 1/2-1/2

[Event "Kolkata op 3rd"]
[Site "Kolkata"]
[Date "2018.05.14"]
[Round "1"]
[White "Kulkarni, Vinayak"]
[Black "Neverov, Valeriy"]
[Result "1-0"]
[WhiteElo "2152"]
[BlackElo "2496"]
[PlyCount "113"]
[EventDate "2018.05.14"]
[EventType "swiss"]
[EventRounds "9"]
[EventCountry "IND"]
[SourceTitle "CBM 184 Extra"]
[Source "ChessBase"]
[SourceDate "2018.06.28"]
[SourceVersion "1"]
[SourceVersionDate "2018.06.28"]
[SourceQuality "1"]

1. d4 Nf6 2. c4 g6 3. Nc3 Bg7 4. e4 d6 5. Nf3 0-0 6. Be2 e5 7. 0-0 Na6 8. Be3 Ng4 9. Bg5 f6 10. Bc1 Qe8 11. d5 f5 12. Rb1 Nc5 13. Ng5 Nf6 14. b4 Ncxe4 15. Ngxe4 Nxe4 16. Nxe4 fxe4 17. Be3 h5 18. c5 Kh7 19. Qd2 Rf7 20. a4 Qf8 21. Rbc1 Bh6 22. Rc4 Bf5 23. a5 Bxe3 24. Qxe3 c6 25. dxc6 d5 26. cxb7 Rxb7 27. Rcc1 d4 28. Qd2 Qh6 29. Qb2 d3 30. c6 Re7 31. Bd1 e3 32. fxe3 Qxe3+ 33. Kh1 d2 34. Rc3 Qe1 35. Kg1 Rf8 36. Rcf3 e4 37. Rf4 g5 38. Qc3 gxf4 39. Rxe1 dxe1Q+ 40. Qxe1 Rg7 41. Bc2 f3 42. Bxe4 Rxg2+ 43. Kf1 f2 44. Bxf5+ Rxf5 45. Qe7+ Rg7 46. Qxg7+ Kxg7 47. c7 Rf8 48. b5 Kg6 49. b6 axb6 50. axb6 Rc8 51. Kxf2 Kg5 52. b7 Rxc7 53. b8Q Rc2+ 54. Kf3 Rc3+ 55. Ke2 Rc2+ 56. Kd3 Rf2 57. Qg3+ 1-0

[Event "Bengaluru Karnataka op"]
[Site "Bengaluru"]
[Date "2018.04.16"]
[Round "6"]
[White "Shalon, Joanne Pais"]
[Black "Kulkarni, Vinayak"]
[Result "0-1"]
[WhiteElo "1675"]
[BlackElo "2179"]
[PlyCount "97"]
[EventDate "2018.04.14"]
[EventType "swiss"]
[EventRounds "10"]
[EventCountry "IND"]
[SourceTitle "CBM 184 Extra"]
[Source "ChessBase"]
[SourceDate "2018.06.28"]
[SourceVersion "1"]
[SourceVersionDate "2018.06.28"]
[SourceQuality "1"]

1. e4 c5 2. Nf3 Nc6 3. d4 cxd4 4. Nxd4 Nf6 5. Nc3 e5 6. Ndb5 d6 7. Nd5 Nxd5 8. exd5 Nb8 9. c4 Be7 10. Bd3 0-0 11. 0-0 a6 12. Nc3 f5 13. f3 Nd7 14. Be3 Bg5 15. Bf2 Bh4 16. b4 a5 17. a3 Bxf2+ 18. Rxf2 Qb6 19. Rb1 axb4 20. axb4 e4 21. fxe4 Ne5 22. Be2 fxe4 23. c5 dxc5 24. Rxf8+ Kxf8 25. Qf1+ Kg8 26. Qf2 Nd7 27. Rf1 cxb4 28. Qxb6 Nxb6 29. Nxe4 b3 30. Rb1 Bf5 31. Rxb3 Bxe4 32. Rxb6 Bxd5 33. Bf3 Bxf3 34. gxf3 Rb8 35. Kf2 Kf7 36. Kg3 Ke7 37. Kg4 Kd7 38. f4 Kc7 39. Rb3 b5 40. Rh3 b4 41. Rxh7 b3 42. Rxg7+ Kd6 43. Kf5 b2 44. Rg1 b1Q+ 45. Rxb1 Rxb1 46. h4 Ke7 47. Kg6 Rg1+ 48. Kh6 Kf6 49. h5 0-1

[Event "Hanoi HD Bank op-A 8th"]
[Site "Hanoi"]
[Date "2018.03.11"]
[Round "3"]
[White "Kulkarni, Vinayak"]
[Black "Kunal, M."]
[Result "0-1"]
[WhiteElo "2161"]
[BlackElo "2340"]
[PlyCount "88"]
[EventDate "2018.03.10"]
[EventType "swiss"]
[EventRounds "9"]
[EventCountry "VIE"]
[SourceTitle "CBM 183 Extra"]
[Source "ChessBase"]
[SourceDate "2018.04.19"]
[SourceVersion "1"]
[SourceVersionDate "2018.04.19"]
[SourceQuality "1"]

1. d4 Nf6 2. c4 e6 3. Nc3 Bb4 4. e3 0-0 5. Bd3 c5 6. Nf3 d5 7. 0-0 Nc6 8. a3 Bxc3 9. bxc3 dxc4 10. Bxc4 Qc7 11. a4 Rd8 12. Qe2 b6 13. Ba3 Bb7 14. Ba6 Bxa6 15. Qxa6 e5 16. Rfc1 Na5 17. Rab1 Nd7 18. Qd3 Re8 19. Qf5 Nc4 20. Bb2 e4 21. Ng5 Nf6 22. Re1 Rad8 23. Nh3 Rd5 24. Qf4 Qd7 25. a5 Nxa5 26. c4 Nxc4 27. Bc3 Rf5 28. Qg3 Nd5 29. Ba1 Rf6 30. Ng5 Rg6 31. dxc5 h6 32. h4 hxg5 33. h5 Rh6 34. cxb6 Ncxb6 35. Qxg5 f6 36. Qh4 g5 37. Qg3 Rxh5 38. f3 exf3 39. e4 Nf4 40. Qxf3 Qh7 41. Kf2 Rh2 42. Qb3+ Qf7 43. Bxf6 Rxg2+ 44. Kf3 Nc4 0-1

[Event "Hanoi HD Bank op-A 8th"]
[Site "Hanoi"]
[Date "2018.03.10"]
[Round "2"]
[White "Shyam, Nikil P"]
[Black "Kulkarni, Vinayak"]
[Result "1-0"]
[WhiteElo "2394"]
[BlackElo "2161"]
[PlyCount "79"]
[EventDate "2018.03.10"]
[EventType "swiss"]
[EventRounds "9"]
[EventCountry "VIE"]
[SourceTitle "CBM 183 Extra"]
[Source "ChessBase"]
[SourceDate "2018.04.19"]
[SourceVersion "1"]
[SourceVersionDate "2018.04.19"]
[SourceQuality "1"]

1. Nf3 c5 2. b3 b6 3. e4 Bb7 4. d3 e6 5. Bb2 Nf6 6. e5 Nd5 7. g3 Be7 8. Bg2 Nc7 9. Nbd2 0-0 10. 0-0 Nc6 11. d4 Nxd4 12. Nxd4 Bxg2 13. Kxg2 cxd4 14. Ne4 f5 15. exf6 Bxf6 16. Nxf6+ Qxf6 17. Qxd4 Qxd4 18. Bxd4 Rac8 19. c4 d5 20. Rac1 Na6 21. cxd5 exd5 22. Rfe1 Rxc1 23. Rxc1 Re8 24. a3 Kf7 25. b4 Re4 26. Ba1 Re7 27. Rc8 Nc7 28. Rd8 Ke6 29. f4 Nb5 30. a4 Nc7 31. b5 a6 32. Rb8 axb5 33. Rxb6+ Kd7 34. axb5 Re2+ 35. Kf3 Rxh2 36. Bxg7 Rd2 37. Be5 Ne6 38. Rb7+ Ke8 39. b6 Rd3+ 40. Kg4 1-0

[Event "Mumbai Wealth op 3rd"]
[Site "Mumbai"]
[Date "2018.01.04"]
[Round "6"]
[White "Mrudul, Dehankar"]
[Black "Kulkarni, Vinayak"]
[Result "0-1"]
[WhiteElo "2098"]
[BlackElo "2230"]
[PlyCount "106"]
[EventDate "2017.12.30"]
[EventType "swiss"]
[EventRounds "9"]
[EventCountry "IND"]
[SourceTitle "CBM 182 Extra"]
[Source "ChessBase"]
[SourceDate "2018.02.23"]
[SourceVersion "1"]
[SourceVersionDate "2018.02.23"]
[SourceQuality "1"]

1. e4 c5 2. Nf3 Nc6 3. d4 cxd4 4. Nxd4 Nf6 5. Nc3 e5 6. Ndb5 d6 7. Bg5 a6 8. Na3 b5 9. Nd5 Be7 10. Bxf6 Bxf6 11. c3 0-0 12. Nc2 Bg5 13. a4 bxa4 14. Rxa4 a5 15. Bc4 Bd7 16. Ra2 a4 17. 0-0 Na5 18. Bd3 Nb3 19. Nce3 Nc5 20. Bc2 Bc6 21. Qe2 Bxe3 22. Qxe3 f5 23. f3 Kh8 24. Nb4 Bb5 25. Rd1 fxe4 26. Bxe4 Nxe4 27. Qxe4 Qb6+ 28. Kh1 Rac8 29. Raa1 Qf2 30. Qc2 Rxf3 31. gxf3 Be2 32. Rd3 Rc4 33. f4 Rxb4 34. cxb4 Bf3+ 35. Rxf3 Qxc2 36. fxe5 Qe4 37. Kg2 dxe5 38. Rxa4 g5 39. Kg3 Qh4+ 40. Kg2 Qe4 41. Kg3 Qe1+ 42. Kg2 Qe2+ 43. Kg3 e4 44. Ra8+ Kg7 45. Ra7+ Kg6 46. Rff7 Qd3+ 47. Kg2 Qc2+ 48. Rf2 Qc6 49. Raf7 e3+ 50. R2f3 Qc2+ 51. Kg3 Qe4 52. h4 e2 53. R3f6+ Kh5 0-1

[Event "Mumbai Wealth op 3rd"]
[Site "Mumbai"]
[Date "2018.01.02"]
[Round "4"]
[White "Kanyamarala, Trisha"]
[Black "Kulkarni, Vinayak"]
[Result "0-1"]
[WhiteElo "1826"]
[BlackElo "2230"]
[PlyCount "70"]
[EventDate "2017.12.30"]
[EventType "swiss"]
[EventRounds "9"]
[EventCountry "IND"]
[SourceTitle "CBM 182 Extra"]
[Source "ChessBase"]
[SourceDate "2018.02.23"]
[SourceVersion "1"]
[SourceVersionDate "2018.02.23"]
[SourceQuality "1"]

1. c4 c5 2. Nc3 Nc6 3. g3 g6 4. Bg2 Bg7 5. a3 a5 6. e3 e6 7. Nge2 Nge7 8. 0-0 Nf5 9. d3 0-0 10. e4 Nfd4 11. Be3 d6 12. f4 Bd7 13. Rb1 Rb8 14. Bxd4 Nxd4 15. b4 cxb4 16. axb4 Qb6 17. Kh1 axb4 18. Nxd4 Qxd4 19. Ne2 Qc5 20. Rc1 e5 21. f5 Bh6 22. Rb1 b5 23. cxb5 Bxb5 24. g4 Rfc8 25. fxg6 hxg6 26. Qb3 Be8 27. Rf6 Qc2 28. Rxg6+ Bg7 29. Rxd6 Qxe2 30. Qd5 Qe3 31. Rf1 Rc1 32. Rd8 Rxf1+ 33. Bxf1 Qf2 34. Bh3 Qf3+ 35. Kg1 Bh6 0-1

[Event "Mumbai Wealth op 3rd"]
[Site "Mumbai"]
[Date "2018.01.01"]
[Round "3"]
[White "Kulkarni, Vinayak"]
[Black "Chandratreya, Prachiti"]
[Result "1/2-1/2"]
[WhiteElo "2230"]
[BlackElo "1621"]
[PlyCount "133"]
[EventDate "2017.12.30"]
[EventType "swiss"]
[EventRounds "9"]
[EventCountry "IND"]
[SourceTitle "CBM 182 Extra"]
[Source "ChessBase"]
[SourceDate "2018.02.23"]
[SourceVersion "1"]
[SourceVersionDate "2018.02.23"]
[SourceQuality "1"]

1. Nf3 Nf6 2. g3 g6 3. Bg2 Bg7 4. 0-0 0-0 5. d3 d6 6. c4 c5 7. Nc3 Nc6 8. Rb1 Rb8 9. a3 a6 10. b4 cxb4 11. axb4 b5 12. Ne1 Bd7 13. Nc2 bxc4 14. dxc4 Ne5 15. Ne3 Qc8 16. Ncd5 Nxd5 17. Nxd5 Re8 18. Bg5 Bf8 19. c5 dxc5 20. Rc1 c4 21. Qd4 Bg7 22. Qa7 Nc6 23. Qc5 h6 24. Be3 Qd8 25. Nb6 Nd4 26. Bxd4 Bxd4 27. Qxd4 Rxb6 28. Qxc4 Bb5 29. Qc2 Qd4 30. Qc7 Rd6 31. Bf3 Qxb4 32. Rfd1 Rxd1+ 33. Rxd1 Qc4 34. Qe5 Qc2 35. Rd4 Bc6 36. Qe3 Bxf3 37. exf3 Qb2 38. Rd7 Kg7 39. Ra7 Qf6 40. Qa3 Rc8 41. Rxa6 Rc6 42. Ra8 Kh7 43. Qd3 Rd6 44. Qe4 Re6 45. Qd5 Rd6 46. Qb7 Re6 47. Qb8 Qg7 48. h4 Re1+ 49. Kg2 Ra1 50. Rxa1 Qxa1 51. g4 Qf6 52. Qg3 Kg7 53. f4 e6 54. Kh3 Qd4 55. Qe3 Qxe3+ 56. fxe3 Kf6 57. Kg3 Ke7 58. Kf3 f5 59. gxf5 gxf5 60. Ke2 Kd6 61. Kd3 h5 62. Kd4 e5+ 63. Kc4 exf4 64. exf4 Kc6 65. Kd4 Kd6 66. Kc4 Kc6 67. Kd4 1/2-1/2

[Event "Bhopal op"]
[Site "Bhopal"]
[Date "2017.12.22"]
[Round "3"]
[White "Kulkarni, Vinayak"]
[Black "Sri, Sai Baswanth P"]
[Result "1/2-1/2"]
[WhiteElo "2230"]
[BlackElo "1846"]
[PlyCount "55"]
[EventDate "2017.12.21"]
[EventType "swiss"]
[EventRounds "10"]
[EventCountry "IND"]
[SourceTitle "CBM 182 Extra"]
[Source "ChessBase"]
[SourceDate "2018.02.23"]
[SourceVersion "1"]
[SourceVersionDate "2018.02.23"]
[SourceQuality "1"]

1. d4 Nf6 2. c4 c5 3. d5 e6 4. Nc3 exd5 5. cxd5 d6 6. e4 g6 7. Nge2 Be7 8. Ng3 0-0 9. Be2 a6 10. a4 Nbd7 11. 0-0 Re8 12. Bg5 Rb8 13. Qd2 Qc7 14. Kh1 c4 15. a5 Nc5 16. Bxf6 Bxf6 17. Bxc4 Bxc3 18. Qxc3 Nxe4 19. Nxe4 Rxe4 20. b3 Bd7 21. f3 Re5 22. f4 Re4 23. Qf6 Rbe8 24. h3 Re3 25. f5 Bxf5 26. Rxf5 gxf5 27. Qg5+ Kh8 28. Qf6+ 1/2-1/2

[Event "Abu Dhabi op 24th"]
[Site "Abu Dhabi"]
[Date "2017.08.19"]
[Round "5"]
[White "Kulkarni, Vinayak"]
[Black "Jeet, Jain"]
[Result "1-0"]
[WhiteElo "2204"]
[BlackElo "2361"]
[PlyCount "95"]
[EventDate "2017.08.14"]
[EventType "swiss"]
[EventRounds "9"]
[EventCountry "UAE"]
[SourceTitle "CBM 180 Extra"]
[Source "ChessBase"]
[SourceDate "2017.10.06"]
[SourceVersion "1"]
[SourceVersionDate "2017.10.06"]
[SourceQuality "1"]

1. d4 d5 2. c4 e6 3. Nc3 Be7 4. cxd5 exd5 5. Bf4 Nf6 6. e3 Bf5 7. Qb3 Qc8 8. Nf3 c6 9. Nh4 Be6 10. Nf3 Nbd7 11. Bd3 Ne4 12. Qc2 f5 13. h4 Ndf6 14. Ne5 0-0 15. h5 c5 16. Ne2 Nxf2 17. Kxf2 c4 18. Nc3 cxd3 19. Qxd3 Bb4 20. Nb5 Ne4+ 21. Ke2 Qd8 22. Rac1 Ba5 23. b4 Bb6 24. Nc3 a5 25. b5 a4 26. Qb1 Qe7 27. Nxe4 fxe4 28. g3 Rf5 29. Rh2 Qe8 30. Rch1 Ra5 31. h6 g6 32. Rc1 Rxb5 33. Qa1 Rb4 34. Kf2 g5 35. Kg1 a3 36. Qc3 Qb5 37. Qxa3 Qa5 38. Qxa5 Bxa5 39. g4 Rxf4 40. exf4 gxf4 41. a3 Rxd4 42. Rb2 Rc4 43. Nxc4 dxc4 44. Rxb7 c3 45. Rb5 Bc7 46. Rxc3 Bd6 47. Rc6 Bd7 48. Rg5+ 1-0